000
00297nam a22001337a 4500
008
170503b xxu||||| |||| 00| 0 eng d
020
_a
9780133279900
041
_a
eng
080
_2
4 E D
_a
343.9
100
_a
13
101
_a
SHJ
245
_a
CRIMINAL BEHAVIOR
_c
BARTOL.C.R
942
_2
udc
_c
BK
999
_c
12522
_d
12522